Modelovanie procesov tvorby a zdokonaľovania organizačných štruktúr systémov riadenia podniku kandidátska dizertačná práca

Na minha lista:
Detalhes bibliográficos
Autor principal: Minárik, Alojz
Autor Corporativo: Vysoká škola ekonomická v Bratislave. Fakulta riadenia
Formato: Livro
Idioma:eslovaco
Publicado em: Bratislava 1989
Tags: Adicionar Tag
Sem tags, seja o primeiro a adicionar uma tag!

MARC

LEADER 00000nam a2200000 4500
001 c040394
005 20230116094505.2
041 0 |a slo 
044 |a SK 
245 1 0 |a Modelovanie procesov tvorby a zdokonaľovania organizačných štruktúr systémov riadenia podniku  |b kandidátska dizertačná práca  |c Alojz Minárik 
264 1 |a Bratislava  |c 1989 
300 |a 178 s. 
100 1 |a Minárik, Alojz 
710 2 |a Vysoká škola ekonomická v Bratislave. Fakulta riadenia